Foundamental determinants of inequality and the role of government
Gespeichert in:
| 1. Verfasser: | |
|---|---|
| Format: | Buch |
| Sprache: | Englisch |
| Veröffentlicht: |
Washington
IMF
1998
|
| Schriftenreihe: | IMF working paper
WP/98/178 |
| Schlagworte: | |
| Tags: |
Keine Tags, Fügen Sie das erste Tag hinzu!
|
MARC
| LEADER | 00000nam a2200000 4500 | ||
|---|---|---|---|
| 001 | c108751 | ||
| 005 | 20221221082434.3 | ||
| 041 | 0 | |a eng | |
| 044 | |a US | ||
| 245 | 1 | 0 | |a Foundamental determinants of inequality and the role of government |c Prepared by Vito Tanzi |
| 264 | 1 | |a Washington |b IMF |c 1998 | |
| 300 | |a 24 s. | ||
| 490 | 1 | |a IMF working paper |v WP/98/178 | |
| 830 | 0 | |a IMF working paper |v WP/98/178 | |
| 610 | 2 | 0 | |a štát |
| 610 | 2 | 0 | |a normy sociálne |
| 610 | 2 | 0 | |a dôchodky |
| 610 | 2 | 0 | |a kapitál ľudský |
| 610 | 2 | 0 | |a sektor verejný |
| 610 | 2 | 0 | |a sily pracovné |
| 100 | 1 | |a Tanzi, Vito | |